LEADER 01343nam--2200421---450 001 990006001900203316 005 20240213132339.0 010 $a978-0-12-411512-5 035 $a000600190 035 $aUSA01000600190 035 $a(ALEPH)000600190USA01 035 $a000600190 100 $a20150129d2013----km-y0itay50------ba 101 $aeng 102 $aUS 105 $a||||||||001yy 200 1 $a<> new era of catecholamines in the laboratory and clinic$fedited by Lee E. Eiden$gserial editor S. J. Enna$gmanaging editor Lynn Lecount 210 $aAmsterdam [etc.]$cElsevier$dcopyr. 2013 215 $aXXI, 477 p.$d24 cm 225 2 $aAdvances in pharmacology$v68 410 0$1001000609420$12001$aAdvances in pharmacology$v68 606 $aFarmacologia$2BNCF 606 0 $aBiochimica$2BNCF 606 0 $aCatecilamine 676 $a612.8042 702 1$aEIDEN,$bLee E. 702 1$aENNA,$bS. J. 702 1$aLECOUNT,$bLynn 801 0$aIT$bsalbc$gISBD 912 $a990006001900203316 951 $a615 AIP/68$b5761 Farm.$c615$d00330466 959 $aBK 969 $aFAR 979 $aPAOLA$b90$c20150129$lUSA01$h1339 979 $aPAOLA$b90$c20150129$lUSA01$h1340 979 $aPAOLA$b90$c20150129$lUSA01$h1342 996 $aNew era of catecholamines in the laboratory and clinic$91078899 997 $aUNISA LEADER 01172cam0 22002773 450 001 SON0000130 005 20240223091347.0 010 $a8882920089 100 $a20040211d1998 |||||ita|0103 ba 101 $aita 102 $aIT 200 1 $a<>autonomie sociali dopo la modernitą:modelli di una cittadinanza societaria$eRelazione al Seminario "Futuro della scuola e autonomie nel sistema Italia". Istituto Suor Orsola Benincasa, Napoli 13 marzo 1998$fPierpaolo Donati 210 $aNapoli$cLa Cittą del Sole$d1998 215 $a94 p.$d21 cm 700 1$aDonati$b, Pierpaolo$3AF00003201$4070$039910 801 0$aIT$bUNISOB$c20240223$gRICA 850 $aUNISOB 852 $aUNISOB$j300$m100906 852 $aUNISOB$j300$m110579 912 $aSON0000130 940 $aM 102 Monografia moderna SBN 941 $aM 957 $a300$b003051$gSI$d100906$racquisto$1carrano$2UNISOB$3UNISOB$420110620090457.0$520141209141751.0$6catenacci 957 $a300$b003051$i-b$gRIS$d110579$1carrano$2UNISOB$3UNISOB$420110620090609.0$520190731152527.0$6Spinosa 996 $aAutonomie sociali dopo la modernitą:modelli di una cittadinanza societaria$91732134 997 $aUNISOB